Política Exterior

محفوظ في:

التنسيق: دورية

اللغة: Undetermined

منشور في: JSTOR
Estudios de Política Exterior S. A.

الموضوعات:

الوصول للمادة أونلاين: Login to view Source

الوسوم: إضافة وسم

لا توجد وسوم, كن أول من يضع وسما على هذه التسجيلة!

رقم الطلب:

LEADER 00531nas a2200169Ia 4500
008 220214c99999999xx |||||||||||| ||und||
022 |a 0213-6856 
245 0 0 |a Política Exterior 
264 1 |b JSTOR 
264 1 |b Estudios de Política Exterior S. A. 
362 0 |a Vol. 1(1987)-31 (2017) 
653 1 0 |a Political Science 
653 1 0 |a Social Sciences 
856 4 0 |u https://www.jstor.org/journal/politicaexterior 
942 |c JL 
952 |0 0  |1 0  |4 0  |7 1  |9 36676  |a JSR  |b JSR  |d 2022-02-14  |l 0  |r 2022-02-14 00:00:00  |w 2022-02-14  |y JL 
999 |c 45008  |d 45008